| 000 | 00000nam##2200000za#4500 |
| 001 | 9.619481 |
| 003 | CaOODSP |
| 005 | 20210929082758 |
| 007 | ta |
| 008 | 150406|2009||||xxc||||| f|0| 0 eng|d |
| 020 | |a978-1-100-13681-3 |
| 022 | |a0830-0453 |
| 040 | |aCaOODSP|beng |
| 043 | |an-cn--- |
| 086 | 1 |aFo143-2/420E |
| 110 | 1 |aCanada. |bNatural Resources Canada. |bCanadian Forest Service. |
| 245 | 12|aA survey of microorganisms from the spruce beetle in central British Columbia / |c[by] L. Safranyik, H.S. Whitney, and K.P. Bleiker. |
| 260 | |aVictoria - British Columbia : |bNatural Resources Canada. |c2010. |
| 300 | |avi, 18p. : |breferences, tables ; |c28 cm. |
| 490 | 1 |aInformation report [BC-X-series]|x0830-0453|vBC-X-420 |
| 520 | 3 |aTwo-year cycle spruce beetle adults were collected from emergence traps installed on two types of hosts (stumps and windfalls) in two adjacent timber harvesting areas in central British Columbia over a 5-year period to determine the incidence of associated fungi, bacteria, yeasts, nematodes, and mites. |
| 546 | |a(Résumé en français) |
| 563 | |aSoftcover |
| 590 | |a10-17|b2010-04-30 |
| 690 | 07|aMicroorganisms|2gcpds |
| 720 | 1 |aSafranyik, L. |
| 720 | 1 |aWhitney, H. S. |
| 720 | 1 |aBleiker, K. P. |
| 776 | 0#|tA survey of microorganisms from the spruce beetle in central British Columbia / |w(CaOODSP)9.566475 |
| 830 | #0|aInformation report (Pacific Forestry Centre)|x0830-0453|vBC-X-420|w(CaOODSP)9.515248 |